000 00278nam a2200109Ia 4500
005 20251222154336.0
008 251222s9999||||xx |||||||||||||| ||spa||
082 _a868.6/G49A
100 _a"Gironella, José María"
245 0 _aEn Asia se muere bajo las estrellas
942 _cLIB
999 _c34339
_d34339